350 exercices de grammaire : corriges

Αποθηκεύτηκε σε:
Λεπτομέρειες βιβλιογραφικής εγγραφής
Μορφή: Βιβλίο
Γλώσσα:French
Δημοσίευση: Paris : Hachette, c1987
Σειρά:Exercons-nous
Θέματα:
Ετικέτες: Προσθήκη ετικέτας
Δεν υπάρχουν, Καταχωρήστε ετικέτα πρώτοι!

MARC

LEADER 00000nam a2200000 i 4500
001 1/10911
008 000906s1987 fre d
020 |a 2-01-017306-6 
035 |l 10063634 
040 |a GR-MY-UA  |b gre  |e aacr 
041 0 |a fre 
082 0 |a 445.076 
245 1 0 |a 350 exercices de grammaire :  |b corriges /  |c Y. Delatour ... [et al.] 
260 |a Paris :   |b Hachette,   |c c1987 
300 |a 62 p.;  |c 25 cm 
490 1 |a Exercons-nous 
650 0 0 |a French language  |x Grammar  |x Problems, exercises, etc. 
830 0 |a Exercons-nous 
852 |a INST  |b RHODES  |e 20000906  |h 445.076 EXE  |p 005400010049  |q 005400010049  |t BK  |y 0 
909 |a Ρ  |b 026164 
922 |a 4ΕΛΗ  |b 199302 
970 |z 2000/09/ΣΟΦΙΑ